| 000 | 00479cam a2200169 4500 | ||
|---|---|---|---|
| 008 | 090720n 000 0 eng u | ||
| 020 | _a0870112791 | ||
| 035 | _a(Sirsi) a166148 | ||
| 040 | _aCIP | ||
| 050 | _aPL816.H5D3 | ||
| 100 | _aShiga, Naoya | ||
| 245 |
_aA Dark Night's Passing/ _cNaoya Shiga and translated by Edwin McClellan |
||
| 260 |
_aNew York: _bKodansha International, _c1976 |
||
| 300 | _a408p. | ||
| 650 | _aLiterary classics | ||
| 700 | _aMcClellan, Edwin | ||
| 999 |
_c112931 _d112933 |
||